| 000 | 00884nam a2200277 a 4500 | ||
|---|---|---|---|
| 001 | BRCA_6307 | ||
| 005 | 20190320205416.0 | ||
| 008 | 050811s1946----mx-a######---#000-0#spa-# | ||
| 041 | _aspa | ||
| 044 | _amx | ||
| 050 | 4 |
_aF1286 _b.H46 2 _c1946 |
|
| 100 | 1 |
_aHendrichs Pérez, Pedro R. _915826 |
|
| 245 | 1 | 0 |
_aPor tierras ignotas _bviajes y observaciones en la región del Río de las Balsas _cPedro R. Hendrichs Pérez. |
| 260 |
_aMéxico _bCultura _c1946 |
||
| 300 |
_a253 p. (v.2) _bil. _c25 cm. |
||
| 500 | _aIncluye índice de referencia | ||
| 500 | _aVer también C69 (v.1) | ||
| 500 | _aQ58 | ||
| 504 | _aBibliografía: p. 247-248 | ||
| 650 | 1 | 4 |
_aRío de las Balsas _915827 |
| 651 | 4 |
_aGuerrero _xDescripción y viajes _915828 |
|
| 651 | 4 |
_aMichoacán _xDescripción y viajes _915829 |
|
| 651 | 4 |
_aMéxico _xDescripción y viajes _9103 |
|
| 902 | _aGFM | ||
| 942 |
_2lcc _cB |
||
| 999 |
_c5993 _d5993 |
||